| 000 | 00864nam a2200265Ia 4500 | ||
|---|---|---|---|
| 003 | GCL | ||
| 005 | 20240530101846.0 | ||
| 008 | 140319s9999 xx 000 0 ara d | ||
| 040 |
_aGCL / _cGCL |
||
| 082 | 0 | 4 |
_a330.121 _bق/ج ج |
| 100 | 1 | _aمحروس سليمان | |
| 245 | 1 | 0 |
_aالجذور الاسلامية للرأسمالية مصر 1840-1760 / _cمحروس سليمان |
| 260 |
_a[S.N] : _bدار الفكر للدراسات والنشر والتوزيع ، _c1993 |
||
| 300 | _a377 ص | ||
| 650 | 0 | 4 | _aمصر |
| 650 | 0 | 4 | _aتاريخ |
| 650 | 0 | 4 | _aالاحوال الاجتماعية |
| 650 | 0 | 4 | _aالتجارة |
| 650 | 0 | 4 | _aالاقتصاد الاسلامى |
| 650 | 0 | 4 | _aالعلاقات الدولية |
| 650 | 0 | 4 | _aالحياة الثقافية |
| 700 | 1 | _aرؤوف عباس | |
| 700 | 1 | _aجران، بيتر | |
| 942 |
_2ddc _cBK |
||
| 999 |
_c28241 _d28241 |
||